Color your world with natural church development : (Record no. 4857)
[ view plain ]
| 000 -LEADER | |
|---|---|
| fixed length control field | 00777nam a22001937a 4500 |
| 003 - CONTROL NUMBER IDENTIFIER | |
| control field | AUA.1 |
| 005 - DATE AND TIME OF LATEST TRANSACTION | |
| control field | 20180828123235.0 |
| 008 - FIXED-LENGTH DATA ELEMENTS--GENERAL INFORMATION | |
| fixed length control field | 111208t xxu||||| |||| 00| 0 eng d |
| 020 ## - INTERNATIONAL STANDARD BOOK NUMBER | |
| International Standard Book Number | 1889638-47-1 |
| 040 ## - CATALOGING SOURCE | |
| Transcribing agency | Y |
| 050 ## - LIBRARY OF CONGRESS CALL NUMBER | |
| Classification number | BV 652.25 |
| Item number | .S37 2005 |
| 100 ## - MAIN ENTRY--PERSONAL NAME | |
| Personal name | Christian A. Schwarz |
| 9 (RLIN) | 17180 |
| 245 ## - TITLE STATEMENT | |
| Title | Color your world with natural church development : |
| Remainder of title | Experiencing all tha God has designed you to be / |
| Statement of responsibility, etc | Christian A. Schwarz. |
| 260 ## - PUBLICATION, DISTRIBUTION, ETC. (IMPRINT) | |
| Place of publication, distribution, etc | USA. : |
| Name of publisher, distributor, etc | ChurchSmart Resources, |
| Date of publication, distribution, etc | 2005. |
| 300 ## - PHYSICAL DESCRIPTION | |
| Extent | 191 p. : |
| Dimensions | 24 cm. |
| 500 ## - GENERAL NOTE | |
| General note | Appendix |
| 650 ## - SUBJECT ADDED ENTRY--TOPICAL TERM | |
| Topical term or geographic name as entry element | Color your world with natural church development: |
| Form subdivision | Experiencing all tha God has designed you to be/ |
| General subdivision | God has designed you |
| Chronological subdivision | natural church development: |
| 9 (RLIN) | 17181 |
| 942 ## - ADDED ENTRY ELEMENTS (KOHA) | |
| Source of classification or shelving scheme | Library of Congress Classification |
| Koha item type | Books |
| Classification part | BV 652.25 |
| Item part | .S37 2005 |
| Withdrawn status | Lost status | Source of classification or shelving scheme | Damaged status | Not for loan | Collection code | Home library | Current library | Shelving location | Date acquired | Source of acquisition | Cost, normal purchase price | Serial Enumeration / chronology | Total Checkouts | Full call number | Barcode | Date last seen | Date checked out | Cost, replacement price | Price effective from | Koha item type | Copy number |
|---|---|---|---|---|---|---|---|---|---|---|---|---|---|---|---|---|---|---|---|---|---|
| Library of Congress Classification | Books | Judith Thomas Library | Judith Thomas Library | General Stacks | 08/12/2011 | Donation, Biblical Research Institute | 10.00 | AUA005624 | 2 | BV 652.25 .S37 2005 | AUA005624 | 24/03/2022 | 23/03/2022 | 10.00 | 08/12/2011 | Books | |||||
| Library of Congress Classification | Books | Judith Thomas Library | Judith Thomas Library | General Stacks | 08/12/2011 | Donation, Biblical Research Institute | 10.00 | AUA005625 | 2 | BV 652.25 .S37 2005 | AUA005625 | 24/10/2019 | 21/10/2019 | 10.00 | 08/12/2011 | Books | 2 | ||||
| Library of Congress Classification | Books | Judith Thomas Library | Judith Thomas Library | General Stacks | 30/10/2023 | Donation, Theological Book Network | 15.00 | AUA26783 | 1 | BV 652.25 .S37 2005 | AUA26783 | 08/09/2024 | 06/09/2024 | 15.00 | 30/10/2023 | Books | 3 |